000 00624nam a2200241Ia 4500
003 OSt
005 20221007063835.0
006 a|||||r|||| 00| 0
007 ta
008 221006b |||||||| |||| 00| 0 eng d
024 _a28,773
037 _cTextual
040 _aFLL
_cFLL
_beng
041 _2eng
_aeng
082 _aZQ2, E6
100 _aSastri Golapchandra Sarkar
245 0 _aHindu law of adoption
250 _a2nd
260 _aCalcutta
_bR. Cambray & Co. India
_c1916
300 _axxi,502p
_ccm.
942 _hZQ2, E6
_cTEXL
_2CC
999 _c1132326
_d1132326